• 首页
  • 本馆介绍
  • 公告通知
  • 最新文献
  • 馆藏检索
  • 电子资源
  • 读者导购
  • 参考咨询
  • 我的图书馆
  • 登录
  • 详细信息显示
  • 放入我的书架
  • 预约/预借图书
  • 作者相关作品
  • 分类相关作品
  • 丛书相关作品
  • 出版社相关作品

书目信息

  • 表格格式
  • 工作单格式
  • 卡片格式
题名:
树叶之美
    
 
作者: 热拉尔 著 ;戴建平 译
分册:  
出版信息: 重庆   重庆大学出版社  2019
页数: 176页
开本: 26cm
丛书名:
单 册:
中图分类: S718.42-49
科图分类:
主题词: 树叶--普及读物
电子资源:
ISBN: 978-7-5689-1357-7
000 00960cam0 2200253 450
001 012001001136
005 20131107142254.0
010    @a978-7-5689-1357-7@b精装@dCNY99.00
100    @a20190921d2019 em y0chiy50 ea
101 1  @achi@cfre
102    @aCN@b500000
105    @aa z 000yy
106    @ar
200 1  @a树叶之美@Ashu ye zhi mei@dL’emouvante beaute des feuilles@f(法)让·热拉尔著@g戴建平译@zfre
210    @a重庆@c重庆大学出版社@d2019
215    @a176页@c彩照@d26cm
330    @a本书中植物学家让·热拉尔从植物园选择最好的叶子,用镜头捕捉下它们的最美时刻。他在这本书里呈现了不低于150种不同品种的树叶,讲诉了这些树叶在生物学上的特点和习性,以及对其不同季节的观察。
510 1  @aL’emouvante beaute des feuilles@zfre
606 0  @a树叶@j普及读物
690    @aS718.42-49@v5
701  1 @c(法)@a热拉尔@Are la er@b让@4著
702  0 @a戴建平@Adai jian ping@4译
801  0 @aCN@b北京卓展文化@c20191020
905    @b1197599-602@dS718.42-49@e120@f4
    
    树叶之美=L’emouvante beaute des feuilles/(法)让·热拉尔著/戴建平译.-重庆:重庆大学出版社,2019
    176页:彩照;26cm
    
    
    ISBN 978-7-5689-1357-7(精装):CNY99.00
    本书中植物学家让·热拉尔从植物园选择最好的叶子,用镜头捕捉下它们的最美时刻。他在这本书里呈现了不低于150种不同品种的树叶,讲诉了这些树叶在生物学上的特点和习性,以及对其不同季节的观察。
●
相关链接 在E读中查询图书 在五车中查询图书 在当当中查询图书 在豆瓣中查询图书


正题名:树叶之美     索取号:S718.42-49/120         预约/预借

序号 登录号 条形码 馆藏地/架位号 状态 备注
1 1197599   211975996   第二样本阅览室/ [索取号:S718.42-49/120] 在馆    
2 1197600   211976003   第三借阅区/ [索取号:S718.42-49/120] 在馆    
3 1197601   211976012   第三借阅区/ [索取号:S718.42-49/120] 在馆    
4 1197602   211976021   第三借阅区/ [索取号:S718.42-49/120] 在馆    
唐山师范学院图书馆 欢迎您!
大连网信软件有限公司© 版权所有